书目信息 |
| 题名: |
污水处理厂设备运行管理
|
|
| 作者: | 杨越辉 , 夏志新 , 熊宪明 主编 | |
| 分册: | ||
| 出版信息: | 北京 中国环境出版集团 2022.02 |
|
| 页数: | 221页 | |
| 开本: | 26cm | |
| 丛书名: | 中国生态环境产教融合丛书 | |
| 单 册: | ||
| 中图分类: | X505 | |
| 科图分类: | ||
| 主题词: | 污水处理厂--wu shui chu li chang--污水处理设备--设备管理--教材 | |
| 电子资源: | ||
| ISBN: | 978-7-5111-5074-5 | |
| 000 | 01356oam2 2200277 450 | |
| 001 | 011025153550 | |
| 005 | 20221025153550.0 | |
| 010 | @a978-7-5111-5074-5@dCNY48.00 | |
| 100 | @a20201004d2022 em y0chiy0110 ea | |
| 101 | 0 | @achi |
| 102 | @aCN@b110000 | |
| 105 | @aa z 000yy | |
| 106 | @ar | |
| 200 | 1 | @a污水处理厂设备运行管理@Awu shui chu li chang she bei yun hang guan li@f杨越辉, 夏志新, 熊宪明主编 |
| 210 | @a北京@c中国环境出版集团@d2022.02 | |
| 215 | @a221页@c图@d26cm | |
| 225 | 2 | @a中国生态环境产教融合丛书@Azhong guo sheng tai huan jing chan jiao rong he cong shu@f陈克森,崔明池,高栗等主编 |
| 300 | @a智慧水务专业教材 | |
| 330 | @a本书共七个章节,分别为:城镇污水处理厂预处理单元设备;城镇污水处理厂生化处理单元设备;城镇污水处理厂超滤膜处理设备;城镇污水处理厂消毒单元设备;污泥脱水单元设备;阀门;配供电系统与电气控制。全书系统介绍了污水处理厂各单元主要设备的功能及类型、基本工作原理及控制方式、安全操作规程、日常巡检规程、常规故障判断与处理、日常润滑保养等内容,并总结实际运行管理经验,设置了相应的技能实训内容。 | |
| 410 | 0 | @12001 @a中国生态环境产教融合丛书 |
| 606 | 0 | @a污水处理厂@Awu shui chu li chang@x污水处理设备@x设备管理@j教材 |
| 690 | @aX505@v5 | |
| 701 | 0 | @a杨越辉@Ayang yue hui@4主编 |
| 701 | 0 | @a夏志新@Axia zhi xin@4主编 |
| 701 | 0 | @a熊宪明@Axiong xian ming@4主编 |
| 905 | @a河南城建学院图书馆@dX505@eY322 | |
| 污水处理厂设备运行管理/杨越辉, 夏志新, 熊宪明主编.-北京:中国环境出版集团,2022.02 |
| 221页:图;26cm.-(中国生态环境产教融合丛书/陈克森,崔明池,高栗等主编) |
| 智慧水务专业教材 |
| ISBN 978-7-5111-5074-5:CNY48.00 |
| 本书共七个章节,分别为:城镇污水处理厂预处理单元设备;城镇污水处理厂生化处理单元设备;城镇污水处理厂超滤膜处理设备;城镇污水处理厂消毒单元设备;污泥脱水单元设备;阀门;配供电系统与电气控制。全书系统介绍了污水处理厂各单元主要设备的功能及类型、基本工作原理及控制方式、安全操作规程、日常巡检规程、常规故障判断与处理、日常润滑保养等内容,并总结实际运行管理经验,设置了相应的技能实训内容。 |
| ● |
| 相关链接 |
|
|
|
正题名:污水处理厂设备运行管理
索取号:X505/Y322
 
预约/预借
| 序号 | 登录号 | 条形码 | 馆藏地/架位号 | 状态 | 备注 |
| 1 | 1588486 | 215884862 | 自科库501/501自科库 68排3列5层/ [索取号:X505/Y322] | 在馆 |